UBT Library

INTEREST RATE SPREADS & MARKET ANALYSIS (Record no. 38193)

000 -LEADER
fixed length control field 00316nam a22001337a 4500
008 - FIXED-LENGTH DATA ELEMENTS--GENERAL INFORMATION
fixed length control field 171108b xxu||||| |||| 00| 0 eng d
020 ## - INTERNATIONAL STANDARD BOOK NUMBER
International Standard Book Number 9781557388629
041 ## - LANGUAGE CODE
Language code of text/sound track or separate title eng
080 ## - UNIVERSAL DECIMAL CLASSIFICATION NUMBER
Edition identifier 7TH
Universal Decimal Classification number 330.322
100 ## - Rafti
Rafti 64
101 ## - Shkurtesa
Shkurtesa INV
245 ## - TITLE STATEMENT
Title INTEREST RATE SPREADS & MARKET ANALYSIS
Statement of responsibility, etc CITICORP
942 ## - ADDED ENTRY ELEMENTS (KOHA)
Source of classification or shelving scheme
Item type Books
Holdings
Withdrawn status Lost status Source of classification or shelving scheme Damaged status Not for loan Collection code Permanent location Current location Shelving location Date acquired Total Checkouts Full call number Barcode Date last seen Price effective from Koha item type
          Koleksioni i përgjithshem UBT - Lipjan UBT - Lipjan Koleksioni i përgjithshem 11/08/2017   330.322 CIT 002-2937779 11/08/2017 11/08/2017 Books
UBT Library © 2015-2024. All rights reserved University Education for Business and Technology